Biblioteca

El poder de la palabra de Dios (Registro nro. 71048)

Detalles MARC
000 -LÍDER
Campo fijo de descripción fija 01209nam a2200325 i 4500
001 - NÚMERO DE CONTROL
Campo de control 768714001
003 - IDENTIFICADOR DEL NÚMERO DE CONTROL
Campo de control CO-MdFUSB
005 - FECHA Y HORA DE LA ULTIMA TRANSACCIÓN
control field 20260317165250.0
007 - CAMPO FIJO DE DESCRIPCIÓN FIJA--INFORMACIÓN GENERAL
Campo fijo de descripción fija ta
008 - ELEMENTOS DE LONGITUD FIJA -- INFORMACIÓN GENERAL
Campo fijo de descripción fija -- Información general 241008t2002 -uso|||| |||| 001 0 spa d
020 ## - NÚMERO INTERNACIONAL NORMALIZADO PARA LIBROS
Número Internacional Normalizado del libro 0-88113-674-3
040 ## - FUENTE DE CATALOGACIÓN
Idioma de catalogación spa.
Agencia de catalogación original CO-MdFUSB
Agencia que realiza la transcripción CO-MdFUSB
Agencia que realiza la modificación CO-MdFUSBC
Convenciones de la descripción rda
041 ## - CÓDIGO DE IDIOMA
Código de idioma para texto/pista de sonido o título separado spa
082 ## - NÚMERO DE CLASIFICACIÓN DECIMAL DEWEY
Número de la edición del Dewey 23
Número de clasificación 248.4
Clave de autor-Numero de item Y89
100 ## - ASIENTO PRINCIPAL--NOMBRE PERSONAL
Nombre personal Yrion, Josué
Término relacionador autor
245 #3 - TÍTULO
Título del Material El poder de la palabra de Dios
Mención de responsabilidad, etc. / Josué Yrión
264 #1 - PRODUCCIÓN, PUBLICACIÓN, DISTRIBUCIÓN, MANUFACTURA, Y COPYRIGHT
Lugar de producción, publicación, distribución, manufactura Nashville, Florida :
Nombre del productor, publicador, distribuidor Betania,
Fecha de producción, publicación, distribución, manufactura, o copyright [2002]
264 #4 - PRODUCCIÓN, PUBLICACIÓN, DISTRIBUCIÓN, MANUFACTURA, Y COPYRIGHT
Fecha de producción, publicación, distribución, manufactura, o copyright ©2002
300 ## - DESCRIPCIÓN FÍSICA
Extensión 207 páginas
Otros detalles físicos : fotografías a blanco y negro
Dimensiones ; 21 cm
336 ## - TIPO DE CONTENIDO
Fuente rdacontent
Término de tipo de contenido texto
Código de tipo de contenido txt
337 ## - TIPO DE MEDIO
Fuente rdamedia
Nombre del tipo de medio sin mediación
Código del tipo de medio n
338 ## - TIPO DE SOPORTE
Fuente rdacarrier
Nombre del tipo de soporte volumen
Código Tipo de soporte nc
500 ## - NOTA GENERAL
Nota General Incluye índice
505 ## - NOTA DE CONTENIDO
Nota de contenido con formato preestablecido La fuente eterna de Dios. -- El poder de la Palabra de Dios. -- ¿Qué es la Biblia para nuestro corazón? -- <br/>Escrita con un propósito. -- Un mandato para el pueblo de Dios. -- La Biblia nos exhorta a través de sus palabras. -- Los impíos, los salvos y su relación con la Palabra.
563 ## - NOTA DE ENCUADERNACIÓN
Nota de encuadernación Rústica
650 #0 - ASIENTO SECUNDARIO DE MATERIA - TERMINO TEMÁTICO
Término temático o nombre geográfico como elemento de entrada Vida cristiana
9 (RLIN) 19
650 #7 - ASIENTO SECUNDARIO DE MATERIA - TERMINO TEMÁTICO
Término temático o nombre geográfico como elemento de entrada Educación cristiana
9 (RLIN) 349
942 ## - TIPO DE MATERIAL (KOHA)
Tipo de Item KOHA Libros General
945 ## - INFORMACIÓN LOCAL DEL REGISTRO
Catalogador Catherine Arias Alvarez
Existencias
Estado de Material Estado de Perdido Forma de Clasificación Volumen-Parte/Tomo Estado de Dañado No para Préstamo Colección Tomo Biblioteca de Origen Biblioteca Permanente Fecha de Adquisición Área Total de Préstamos Signatura Topográfica Código de Barras Última vez visto Ejemplar/Existencia Fecha de Remplazo Tipo de Material
    Dewey Decimal Classification       Colección General   Biblioteca FUSBC Biblioteca FUSBC 08/10/2024 VIDA CRISTIANA   G 248.4 Y89p 25119 08/10/2024 Ej. 1 08/10/2024 Libros General

Biblioteca FUSBC | Teléfono: (57+4) 349 88 10 Ext. 141| WhatsApp (+57) 3005338115 
E-mail: biblioteca@unisbc.edu.co | Calle 76 87-14 Robledo Palenque, Medellín, Colombia

Con tecnología Koha